000 00909nam a22001935i 4500
001 165523
003 ES-MaACL
005 20260201063017.0
008 050830s1868 sp | |||||||| ||cat d
040 _aCAM
_bspa
_cCAM
100 1 _aPitarra, Serafí,
_d1839-1895
_992408
245 1 3 _aLa sabateta al balcó
_b: comedia en dos actes y en vers /
_coriginal de Serafí Pitarra.
260 _aBarcelona :
_bLibrería Espanyola de I. López,
_c1868.
300 _a48 p. ;
_c18 cm.
500 _aEn port.: Estrenada en el Teatro del Odeón la noche del 10 de febrero de 1868.
594 _aSerafí Pitarra es seud. de Frederic Soler.
852 _aES-MaACL
_jF-8597(3)
_z-- Enc. pasta española, falto de la enc. original
_z--Firma manuscrita de Gustavo Sáenz Díez, 1877
_z-- Enc. en un vol. facticio formando parte de la col. facticia "Teatro español moderno", vol. 50
999 _c165523
_d165523